[Event "TCh-CRO Gp1A"]
[Site "Sibenik CRO"]
[Date "2010.09.07"]
[Round "4"]
[White "Muse,D"]
[Black "Hulak,K"]
[Result "1/2-1/2"]
[WhiteElo "2370"]
[BlackElo "2510"]
[EventDate "2010.09.04"]

1. d4 Nf6 2. Nf3 e6 3. c4 Bb4+ 4. Nbd2 b6 5. a3 Bxd2+ 6. Qxd2 Bb7 7. e3 d6
8. b4 Nbd7 9. Bb2 O-O 10. Bd3 Ne4 11. Qc2 f5 12. O-O Qe7 13. Nd2 Nxd2 14.
Qxd2 c5 15. dxc5 dxc5 16. b5 Rad8 17. Rad1 Nf6 18. Qc3 Rd6 19. f3 Rfd8 20.
Bc2 Rxd1 21. Rxd1 Rxd1+ 22. Bxd1 Qd6 23. Bc2 Kf7 24. a4 a5 25. Qe1 h6 26.
Bc3 Bc8 27. Qh4 e5 28. Qg3 f4 29. Qg6+ Kf8 30. exf4 exf4 31. h3 Bd7 32. Qd3
Ke7 33. Qg6 Kf8 34. Qd3 Ke7 35. Qg6 1/2-1/2

[Event "TCh-CRO Gp1A"]
[Site "Sibenik CRO"]
[Date "2010.09.07"]
[Round "4"]
[White "Sertic,Ru"]
[Black "Bosiocic,Mari"]
[Result "0-1"]
[WhiteElo "2422"]
[BlackElo "2557"]
[EventDate "2010.09.04"]

1. Nf3 f5 2. c4 Nf6 3. g3 g6 4. b4 Bg7 5. Bb2 O-O 6. Bg2 d6 7. d4 c6 8. O-O
Nh5 9. Nbd2 f4 10. e4 a5 11. a3 c5 12. Qb3 e5 13. bxc5 dxc5 14. d5 a4 15.
Qc2 Qe7 16. Bc3 g5 17. Qb2 Re8 18. Rfd1 Ra6 19. Ne1 g4 20. Nd3 f3 21. Nxf3
gxf3 22. Bxf3 Nf6 23. Re1 Nbd7 24. Bg2 Ng4 25. Qb5 Nh6 26. Bh3 Nf7 27. Be6
Rxe6 28. dxe6 Qxe6 29. Nxc5 Nxc5 30. Qxc5 Ng5 31. Re3 Qg4 32. Rf1 Nf3+ 0-1

[Event "TCh-CRO Gp1A"]
[Site "Sibenik CRO"]
[Date "2010.09.07"]
[Round "4"]
[White "Kosic,D"]
[Black "Mrkonjic,N"]
[Result "1-0"]
[WhiteElo "2481"]
[BlackElo "2394"]
[EventDate "2010.09.04"]

1. d4 Nf6 2. Nf3 e6 3. e3 c5 4. Bd3 b6 5. O-O Be7 6. c4 Bb7 7. Nc3 O-O 8.
d5 exd5 9. cxd5 d6 10. e4 a6 11. a4 Re8 12. h3 Qc7 13. Nd2 Nfd7 14. Nc4 Bf6
15. Bf4 Ne5 16. Bxe5 Bxe5 17. a5 Nd7 18. axb6 Nxb6 19. Nxe5 Rxe5 20. b3 Re7
21. Re1 g6 22. Qd2 Qd8 23. Re3 Re8 24. Ra2 Nd7 25. Nd1 Qf6 26. Rf3 Qd4 27.
Ra4 Qe5 28. Ne3 Qe7 29. Rg3 Kh8 30. f4 Qf6 31. Nc4 Rab8 32. Rf3 Qe7 33.
Qc3+ Kg8 34. Ra2 Bc8 35. Re2 Nb6 36. Nxb6 Rxb6 37. e5 Qb7 38. Bc4 Bd7 39.
Rfe3 Qc7 40. e6 fxe6 41. dxe6 Bc6 42. f5 d5 43. f6 1-0

[Event "TCh-CRO Gp1A"]
[Site "Sibenik CRO"]
[Date "2010.09.07"]
[Round "4"]
[White "Vargic,D"]
[Black "Miladinovic,I"]
[Result "1/2-1/2"]
[WhiteElo "2360"]
[BlackElo "2560"]
[EventDate "2010.09.04"]

1. e4 c5 2. Nc3 Nc6 3. g3 g6 4. Bg2 Bg7 5. d3 d6 6. Be3 b6 7. Qd2 Bb7 8. h4
h5 9. Nh3 Qd7 10. O-O Nf6 11. f3 d5 12. exd5 Nxd5 13. Nxd5 Qxd5 14. f4 Qd7
15. c3 e6 16. Rad1 O-O 17. Nf2 Ne7 18. Bxb7 Qxb7 19. Ne4 Nf5 20. Bf2 Rad8
21. Qe2 Rd5 22. Rd2 Rfd8 23. Rfd1 Qa6 24. a3 Nh6 25. Kg2 Ng4 26. Bg1 e5 27.
fxe5 Rxe5 28. d4 Qxe2+ 29. Rxe2 cxd4 30. cxd4 Red5 31. Nc3 R5d7 32. Red2
Ne5 33. Ne4 Nc6 34. d5 Na5 35. d6 Re8 36. Re2 Kf8 37. Kf3 Nc4 38. Rc2 Ne5+
39. Kg2 Ng4 40. Rc7 Rxc7 41. dxc7 Be5 42. Rd7 Bxc7 43. Rxc7 Rxe4 44. Rxa7
Re2+ 45. Kf3 Rxb2 46. Bd4 Rb3+ 47. Ke4 Ke8 48. Kd5 Rxg3 49. Kd6 f6 50. Ke6
Kf8 51. Bxb6 Rc3 52. Bd4 Rd3 53. Bc5+ Kg8 54. a4 g5 55. hxg5 fxg5 56. a5 h4
57. a6 Rd8 58. Rd7 Ra8 59. a7 h3 60. Bd6 h2 61. Bxh2 Nxh2 62. Rb7 Rxa7 63.
Rxa7 Ng4 64. Kf5 Ne3+ 65. Kxg5 Kf8 66. Kf6 Nd5+ 67. Ke5 Ne7 68. Ke6 Ng8 69.
Rf7+ Ke8 70. Rg7 Kf8 71. Rf7+ Ke8 72. Rf4 Nh6 73. Rf2 Ng8 74. Ra2 Kf8 75.
Ra8+ Kg7 76. Ra7+ Kf8 77. Ra8+ Kg7 78. Rxg8+ Kxg8 1/2-1/2

[Event "TCh-CRO Gp1A"]
[Site "Sibenik CRO"]
[Date "2010.09.07"]
[Round "4"]
[White "Doric,D"]
[Black "Krstic,U"]
[Result "1/2-1/2"]
[WhiteElo "2471"]
[BlackElo "2410"]
[EventDate "2010.09.04"]

1. d4 g6 2. c4 Bg7 3. e4 d6 4. Nc3 Nf6 5. Nf3 O-O 6. Be2 e5 7. O-O Nc6 8.
d5 Ne7 9. b4 Nh5 10. Re1 a5 11. bxa5 Rxa5 12. Nd2 Nf4 13. Bf1 b6 14. Nb3
Ra8 15. a4 Bd7 16. Nb5 f5 17. g3 Nh5 18. exf5 Nxf5 19. Bg2 Nf6 20. a5 bxa5
21. Rxa5 Rxa5 22. Nxa5 Bxb5 23. cxb5 Qb8 24. Nc6 Qxb5 25. Bg5 h6 26. Bxf6
Rxf6 27. Be4 Qc5 28. Bxf5 gxf5 29. Qd2 e4 30. Rc1 Qb6 31. Qf4 Bf8 32. Ra1
Qc5 33. Ra8 Kh7 34. Ra5 Qc2 35. Kg2 Qd3 36. Nd8 Bg7 37. Ne6 Rf7 38. Nd8
1/2-1/2

[Event "TCh-CRO Gp1A"]
[Site "Sibenik CRO"]
[Date "2010.09.07"]
[Round "4"]
[White "Ascic,P"]
[Black "Ramesa,D"]
[Result "1/2-1/2"]
[WhiteElo "2310"]
[BlackElo "2326"]
[EventDate "2010.09.04"]

1. e4 c5 2. Nf3 e6 3. d4 cxd4 4. Nxd4 Nc6 5. Nb5 d6 6. Bf4 e5 7. Be3 Nf6 8.
Bg5 a6 9. N5a3 Be7 10. Nc3 O-O 11. Bxf6 Bxf6 12. Nc4 Nd4 13. Nd5 b5 14.
Ncb6 Rb8 15. Nxc8 Rxc8 16. c3 Ne6 17. g3 Nc7 18. Bh3 Rb8 19. O-O Nxd5 20.
Qxd5 Qb6 21. Rfd1 Rfd8 22. Rd3 1/2-1/2

[Event "TCh-CRO Gp1A"]
[Site "Sibenik CRO"]
[Date "2010.09.07"]
[Round "4"]
[White "Mufic,Go"]
[Black "Drmic,T"]
[Result "1-0"]
[WhiteElo "2299"]
[BlackElo "2302"]
[EventDate "2010.09.04"]

1. d4 Nf6 2. Nf3 e6 3. Bf4 b6 4. e3 Bb7 5. Nbd2 Be7 6. h3 O-O 7. Bd3 d6 8.
O-O Nbd7 9. a4 Nd5 10. Bh2 f5 11. a5 N7f6 12. c3 h6 13. Qb3 c5 14. dxc5
dxc5 15. Ne5 Bd6 16. Ndc4 Bc7 17. a6 Bc8 18. Rfd1 Qe8 19. Na3 Nd7 20. Bb5
Bxe5 21. Bxe5 Qg6 22. Bd6 N7f6 23. c4 Nb4 24. Nc2 f4 25. Nxb4 f3 26. g3 Qh5
27. e4 Nxe4 28. Bxf8 Ng5 29. h4 Bxa6 30. Nxa6 Rxf8 31. Bc6 Qg4 32. hxg5
hxg5 1-0

[Event "TCh-CRO Gp1A"]
[Site "Sibenik CRO"]
[Date "2010.09.07"]
[Round "4"]
[White "Beliavsky,A"]
[Black "Tiviakov,S"]
[Result "1/2-1/2"]
[WhiteElo "2632"]
[BlackElo "2637"]
[EventDate "2010.09.04"]

1. d4 Nf6 2. c4 e6 3. g3 d5 4. Nf3 Bb4+ 5. Bd2 Be7 6. Bg2 c6 7. Qc2 Nbd7 8.
O-O b6 9. Rd1 O-O 10. Bf4 Ba6 11. Ne5 Qc8 12. b3 Nxe5 13. Bxe5 Rd8 14. Nd2
Ng4 15. Nf3 Nxe5 16. Nxe5 Bb7 17. e4 Bd6 18. Nd3 dxe4 1/2-1/2

[Event "TCh-CRO Gp1A"]
[Site "Sibenik CRO"]
[Date "2010.09.07"]
[Round "4"]
[White "Postny,E"]
[Black "Hracek,Z"]
[Result "1-0"]
[WhiteElo "2595"]
[BlackElo "2633"]
[EventDate "2010.09.04"]

1. d4 Nf6 2. c4 e6 3. Nf3 d5 4. Nc3 Be7 5. Bf4 O-O 6. e3 Nbd7 7. c5 c6 8.
h3 b6 9. b4 a5 10. a3 Bb7 11. Bd3 Qc8 12. O-O Ba6 13. Qe2 Bxd3 14. Qxd3 Qb7
15. Rfb1 axb4 16. axb4 Rxa1 17. Rxa1 Ra8 18. Qb1 Rxa1 19. Qxa1 Ne4 20. Nxe4
dxe4 21. Nd2 f5 22. Qa2 Kf7 23. f3 exf3 24. Nxf3 bxc5 25. bxc5 h6 26. g4
fxg4 27. hxg4 Bf6 28. Kg2 Bd8 29. Bd6 Bf6 30. Nd2 Qb4 31. Nf3 Qb7 32. Bg3
Nb8 33. Qf2 Nd7 34. g5 hxg5 35. Nxg5+ Kg8 36. Nxe6 Qb3 37. Nf4 g5 38. Nh5
Qe6 39. Bd6 g4 40. Ng3 Qd5+ 41. Kg1 Qb3 42. Nf1 Bg5 43. Bf4 Be7 44. Qg3 Nf6
45. Be5 Qd1 46. Bxf6 Bxf6 47. Qb8+ Kf7 48. Qc7+ Kg6 49. Qxc6 Qe2 50. Qg2
Qd1 51. c6 1-0

[Event "TCh-CRO Gp1A"]
[Site "Sibenik CRO"]
[Date "2010.09.07"]
[Round "4"]
[White "Jovanovic,Zo CRO"]
[Black "Palac,M"]
[Result "1/2-1/2"]
[WhiteElo "2520"]
[BlackElo "2561"]
[EventDate "2010.09.04"]

1. e4 c5 2. Nf3 Nc6 3. Bb5 g6 4. O-O Bg7 5. Re1 e5 6. Bxc6 dxc6 7. d3 Ne7
8. a3 a5 9. Be3 b6 10. Nbd2 Ba6 11. a4 O-O 1/2-1/2

[Event "TCh-CRO Gp1A"]
[Site "Sibenik CRO"]
[Date "2010.09.07"]
[Round "4"]
[White "Dizdar,G"]
[Black "Sermek,D"]
[Result "1/2-1/2"]
[WhiteElo "2555"]
[BlackElo "2524"]
[EventDate "2010.09.04"]

1. d4 d5 2. c4 dxc4 3. Nf3 c5 4. e3 cxd4 5. Bxc4 e6 6. exd4 Qc7 7. Qe2 Bb4+
8. Nc3 Nf6 9. O-O Bxc3 10. bxc3 O-O 11. Ne5 Nbd7 12. Ba3 Re8 13. Rfe1 Nb6
14. Bb5 Bd7 15. Nxd7 Nfxd7 16. Rac1 Rac8 17. Bc5 Rcd8 18. Ba3 Rc8 19. Bc5
Rcd8 20. Ba3 1/2-1/2

[Event "TCh-CRO Gp1A"]
[Site "Sibenik CRO"]
[Date "2010.09.07"]
[Round "4"]
[White "Fercec,N"]
[Black "Zelcic,R"]
[Result "1/2-1/2"]
[WhiteElo "2498"]
[BlackElo "2554"]
[EventDate "2010.09.04"]

1. e4 c6 2. d4 d5 3. Nd2 dxe4 4. Nxe4 Bf5 5. Ng3 Bg6 6. h4 h6 7. Nf3 Nd7 8.
h5 Bh7 9. Bd3 Bxd3 10. Qxd3 e6 11. Bd2 Ngf6 12. O-O-O Qc7 13. Qe2 O-O-O 14.
Ne5 Nb6 15. Ba5 Rd5 16. Bxb6 axb6 17. c4 Rd8 18. f4 Bd6 19. Ne4 Nxe4 20.
Qxe4 Rhe8 21. Rd3 c5 22. Rhd1 f5 23. Qe2 cxd4 24. Rxd4 Bxe5 25. Qxe5 Rxd4
26. Rxd4 g6 27. hxg6 Qxe5 28. fxe5 Rg8 29. g4 Rxg6 30. gxf5 exf5 31. Kd2 h5
32. b3 Kc7 33. Ke3 Rg4 34. Rd6 Re4+ 35. Kf3 Rxe5 36. Rh6 b5 37. cxb5 Rxb5
38. Rxh5 Ra5 39. Kf4 Rxa2 40. Rxf5 Rb2 41. Ke3 1/2-1/2

[Event "TCh-CRO Gp1A"]
[Site "Sibenik CRO"]
[Date "2010.09.07"]
[Round "4"]
[White "Loncar,R"]
[Black "Leventic,I"]
[Result "1/2-1/2"]
[WhiteElo "2419"]
[BlackElo "2498"]
[EventDate "2010.09.04"]

1. Nf3 d5 2. c4 c6 3. e3 Nf6 4. Nc3 a6 5. Qc2 dxc4 6. Bxc4 b5 7. Be2 c5 8.
a4 b4 9. Ne4 Nxe4 10. Qxe4 Ra7 11. O-O e6 12. b3 Bb7 13. Qc2 Bd6 14. Bb2
O-O 15. Rfd1 Nc6 16. d3 Ra8 17. Nd2 Na5 18. Bf3 Bxf3 19. Nxf3 Rc8 20. Nd2
Be7 21. Nc4 Nxc4 22. dxc4 Qc7 23. Qe4 Rfd8 24. Qe5 Qxe5 25. Bxe5 f6 26. Bb2
Rxd1+ 27. Rxd1 Rd8 28. Rxd8+ Bxd8 1/2-1/2

[Event "TCh-CRO Gp1A"]
[Site "Sibenik CRO"]
[Date "2010.09.08"]
[Round "5"]
[White "Tiviakov,S"]
[Black "Naiditsch,A"]
[Result "1/2-1/2"]
[WhiteElo "2637"]
[BlackElo "2674"]
[EventDate "2010.09.04"]

1. e4 e5 2. Nf3 Nc6 3. Bc4 Bc5 4. c3 Nf6 5. d3 O-O 6. Bg5 h6 7. Bh4 Be7 8.
Nbd2 d6 9. Bg3 Na5 10. Bb5 Nh5 11. d4 Nxg3 12. hxg3 exd4 13. Nxd4 a6 14.
Bd3 c5 15. Nc2 Be6 1/2-1/2

[Event "TCh-CRO Gp1A"]
[Site "Sibenik CRO"]
[Date "2010.09.08"]
[Round "5"]
[White "Markus,Rob"]
[Black "Postny,E"]
[Result "1/2-1/2"]
[WhiteElo "2624"]
[BlackElo "2595"]
[EventDate "2010.09.04"]

1. c4 c6 2. d4 d5 3. Nc3 Nf6 4. e3 a6 5. Qc2 g6 6. Nf3 Bg7 7. Be2 O-O 8.
O-O b5 9. cxd5 cxd5 10. Ne5 Bb7 11. Nd3 Nc6 12. b4 Nd7 13. a4 e5 14. axb5
axb5 15. Rxa8 Bxa8 16. dxe5 Ndxe5 17. Nxe5 Bxe5 18. Nxb5 Nxb4 19. Qd2 Nc6
20. Bb2 Qf6 21. Bxe5 Qxe5 22. Rd1 Rd8 23. Bf3 Kg7 24. h3 Bb7 25. Qc1 Ne7
26. Nd4 Bc8 27. Qc3 Qf6 28. Rb1 Kg8 29. Rb8 Qd6 30. Qa5 Re8 31. Rb6 Qe5 32.
Qb5 Rd8 33. Rb8 Qc7 34. Qb2 Nf5 35. Nxf5 Bxf5 36. Rxd8+ Qxd8 37. Qd4 Be6
38. e4 Qg5 39. exd5 Bxh3 40. d6 Bd7 41. g3 h5 42. Bg2 Qg4 43. Qe5 h4 44.
gxh4 Qxh4 45. Bf3 Qh3 46. Bg2 Qg4 47. Kh2 Qh4+ 48. Kg1 Qg4 49. Kh2 Qh4+ 50.
Kg1 1/2-1/2

[Event "TCh-CRO Gp1A"]
[Site "Sibenik CRO"]
[Date "2010.09.08"]
[Round "5"]
[White "Palac,M"]
[Black "Saric,Iv"]
[Result "1/2-1/2"]
[WhiteElo "2561"]
[BlackElo "2567"]
[EventDate "2010.09.04"]

1. e4 e5 2. Nf3 Nc6 3. Bb5 a6 4. Ba4 Nf6 5. O-O Be7 6. Re1 b5 7. Bb3 d6 8.
c3 O-O 9. h3 Bb7 10. d4 Re8 11. Ng5 Rf8 12. Nf3 Re8 13. Nbd2 Bf8 14. a3 h6
15. Bc2 Qd7 16. Nf1 Ne7 17. Ng3 Ng6 18. b3 a5 19. a4 c6 20. Be3 Qc7 21. Bd3
Ba6 22. Qc2 Reb8 23. Nd2 Bc8 24. Ne2 Nh5 25. Nf3 Be6 26. Reb1 Be7 27. axb5
cxb5 28. d5 Bd7 29. b4 a4 30. Qd2 Qc8 31. Rc1 f5 32. exf5 Bxf5 33. Qc2 Bxd3
34. Qxd3 Qe8 35. c4 Bf8 36. Nd2 bxc4 37. Rxc4 Nf6 38. Nc3 Ne7 39. Nde4 Nxe4
40. Qxe4 Rc8 41. Ra3 Rxc4 42. Qxc4 Qc8 43. Qxc8 Rxc8 44. b5 Kf7 45. Kf1 Ke8
46. b6 Kd7 47. Rxa4 Rxc3 48. Ra7+ Kc8 49. Ra8+ Kb7 50. Rxf8 Nxd5 51. Rf7+
Kc6 52. b7 Rb3 53. Rxg7 Nxe3+ 54. fxe3 Rxb7 55. Rxb7 Kxb7 56. g4 Kc6 57. e4
Kd7 58. h4 Ke6 59. Ke2 d5 60. exd5+ Kxd5 61. Kd3 e4+ 62. Ke3 Ke5 63. h5 Kf6
64. Kxe4 Ke6 65. Kf4 Kf6 66. Ke3 Ke5 1/2-1/2

[Event "TCh-CRO Gp1A"]
[Site "Sibenik CRO"]
[Date "2010.09.08"]
[Round "5"]
[White "Jovanic,O"]
[Black "Dizdar,G"]
[Result "1-0"]
[WhiteElo "2523"]
[BlackElo "2555"]
[EventDate "2010.09.04"]

1. d4 Nf6 2. c4 e6 3. Nf3 Bb4+ 4. Bd2 c5 5. Bxb4 cxb4 6. e3 O-O 7. Be2 d6
8. O-O a5 9. a3 Na6 10. Nbd2 Re8 11. Qb1 e5 12. Rd1 Bg4 13. Ne4 Bf5 14. Bd3
Bxe4 15. Bxe4 Qe7 16. Bf5 g6 17. Bh3 Qc7 18. Rc1 Rad8 19. g3 Qb6 20. Bf1
Re7 21. Rd1 Ree8 22. c5 dxc5 23. dxe5 Nd7 24. Qe4 Qc7 25. Bb5 Nab8 26. Kg2
Nc6 27. Bxc6 bxc6 28. Rac1 Rb8 29. Qf4 Rb7 30. Rc4 Qb8 31. Re4 c4 32. axb4
axb4 33. Rxc4 Nxe5 34. Nxe5 Qxe5 35. Qxe5 Rxe5 36. Rxc6 h5 37. Rd4 Ra5 38.
Rcc4 Ra2 39. Rd2 Ra1 40. Rd3 b3 41. Rcc3 Rb1 42. Rd2 Kg7 43. Re2 Rd1 44. e4
Rb1 45. f4 Kf8 46. e5 Ke7 47. Kh3 Ke6 48. Kh4 Rd1 49. Kg5 Rb6 50. h4 Rd4
51. Ree3 Rd2 52. Rxb3 Rxb2 53. Rxb6+ Rxb6 54. Rd3 Rb4 55. Rd6+ Ke7 56. Kh6
Rb3 57. Kg7 Rxg3 58. Rf6 Rg4 59. Rxf7+ Ke6 60. Kf8 g5 61. hxg5 h4 62. Rf6+
Kd5 63. e6 1-0

[Event "TCh-CRO Gp1A"]
[Site "Sibenik CRO"]
[Date "2010.09.08"]
[Round "5"]
[White "Zelcic,R"]
[Black "Saric,A"]
[Result "1/2-1/2"]
[WhiteElo "2554"]
[BlackElo "2472"]
[EventDate "2010.09.04"]

1. e4 e5 2. Nf3 Nf6 3. d4 Nxe4 4. Bd3 d5 5. Nxe5 Nd7 6. O-O Bd6 7. c4 c6 8.
cxd5 cxd5 9. Nd2 Nxd2 10. Bxd2 O-O 11. Re1 Nf6 12. Qb3 Qb6 13. Qxb6 axb6
14. a3 Be6 15. f3 Rfc8 16. Rac1 Nd7 17. f4 g6 18. Nxd7 Bxd7 19. Kf2 Rxc1
20. Rxc1 Rc8 21. Ra1 f6 22. Kf3 Bf5 23. Bxf5 gxf5 24. Bc3 Kf7 25. g3 h5 26.
Ke2 Kg6 27. a4 Ra8 28. Kd3 h4 29. gxh4 Bxf4 30. Rg1+ Kf7 31. Rf1 Bxh2 32.
Rxf5 Ke6 33. Rh5 Bd6 34. Rh7 Be7 35. Rg7 Rxa4 36. h5 Ra1 37. h6 Rh1 38. Bd2
Rh3+ 39. Kc2 Rh2 40. h7 b5 41. Kd3 b6 42. Bf4 Rh3+ 43. Ke2 Bd6 44. Be3 Kf5
45. Bf2 Bf4 46. Rd7 Ke4 47. Re7+ Kf5 48. Rb7 b4 49. b3 Kg6 50. Rxb6 Rxh7
51. Rxb4 Rh8 52. Rb5 Rb8 53. Rxb8 Bxb8 54. b4 Kf5 55. Kf3 Ba7 56. b5 Bb6
57. Be3 Ba7 58. Bg1 Ke6 59. Kg4 Kd7 60. Kf5 1/2-1/2

[Event "TCh-CRO Gp1A"]
[Site "Sibenik CRO"]
[Date "2010.09.08"]
[Round "5"]
[White "Zufic,M"]
[Black "Loncar,R"]
[Result "1-0"]
[WhiteElo "2429"]
[BlackElo "2419"]
[EventDate "2010.09.04"]

1. e4 g6 2. d4 Bg7 3. Nc3 d6 4. Be3 a6 5. Qd2 b5 6. f3 Nd7 7. O-O-O Bb7 8.
h4 h5 9. Nh3 c6 10. Ng5 Qa5 11. Kb1 Rc8 12. e5 b4 13. Ne2 Nb6 14. e6 fxe6
15. Nxe6 Bh6 16. N2f4 Bxf4 17. Nxf4 Nf6 18. Nxg6 Rg8 19. Nf4 Nfd5 20. Nxd5
cxd5 21. b3 Rc3 22. Bg5 Kd7 23. Bd3 Nc4 24. Qe2 Na3+ 25. Ka1 e6 26. Rhe1
Re8 27. Bg6 Kc7 28. Rc1 Rc8 29. Qxe6 Nb5 30. Bf4 Kb8 31. Bxd6+ Ka8 32. Bc5
R3xc5 33. dxc5 Nc3 34. a4 Nxa4 35. bxa4 Qxa4+ 36. Kb1 b3 37. Rcd1 Qa3 38.
Qb6 Bc6 39. Re7 Qa2+ 40. Kc1 Qa1+ 41. Kd2 Qd4+ 42. Bd3 Qf2+ 43. Kc1 1-0

[Event "TCh-CRO Gp1A"]
[Site "Sibenik CRO"]
[Date "2010.09.08"]
[Round "5"]
[White "Hracek,Z"]
[Black "Kosic,D"]
[Result "1-0"]
[WhiteElo "2633"]
[BlackElo "2481"]
[EventDate "2010.09.04"]

1. d4 e6 2. c4 Bb4+ 3. Bd2 Bxd2+ 4. Qxd2 Nf6 5. Nc3 d5 6. e3 O-O 7. Nf3 Qe7
8. Rc1 Rd8 9. cxd5 exd5 10. Qc2 c6 11. Bd3 Nbd7 12. O-O Nf8 13. h3 Ne8 14.
Rfe1 Nd6 15. b4 a6 16. a4 Qf6 17. Ne5 Ng6 18. Bxg6 hxg6 19. b5 axb5 20.
axb5 Nxb5 21. Nxb5 cxb5 22. Qb3 Qg5 23. Kh2 Qh4 24. Re2 g5 25. f3 Be6 26.
Qxb5 Ra3 27. Rce1 f6 28. Qxb7 Re8 29. Ng6 Qh6 30. Ne7+ Kh8 31. Nxd5 g4 32.
Nf4 gxh3 33. Nxe6 hxg2+ 34. Kxg2 Qg6+ 35. Kh1 Rxe6 36. Rh2+ Kg8 37. Rg1 1-0

[Event "TCh-CRO Gp1A"]
[Site "Sibenik CRO"]
[Date "2010.09.08"]
[Round "5"]
[White "Sermek,D"]
[Black "Doric,D"]
[Result "1/2-1/2"]
[WhiteElo "2524"]
[BlackElo "2471"]
[EventDate "2010.09.04"]

1. e4 e5 2. Nf3 Nc6 3. Bc4 Bc5 4. d3 Nf6 5. Nc3 d6 6. Bg5 h6 7. Bxf6 Qxf6
8. Nd5 Qd8 9. c3 a6 10. d4 Ba7 11. dxe5 Nxe5 12. Nxe5 dxe5 13. Qh5 O-O 14.
Qxe5 Re8 15. Qf4 Qd6 16. Qxd6 Rxe4+ 17. Ne3 cxd6 18. Bd5 Re7 19. O-O-O Be6
20. Rhf1 Rae8 21. Kc2 Bxe3 22. fxe3 Bxd5 23. Rxd5 Rxe3 24. Rxd6 Re2+ 25.
Rd2 1/2-1/2

[Event "TCh-CRO Gp1A"]
[Site "Sibenik CRO"]
[Date "2010.09.08"]
[Round "5"]
[White "Ramesa,D"]
[Black "Fercec,N"]
[Result "0-1"]
[WhiteElo "2326"]
[BlackElo "2498"]
[EventDate "2010.09.04"]

1. Nf3 d5 2. d4 Nc6 3. c4 Bg4 4. cxd5 Bxf3 5. gxf3 Qxd5 6. e3 e5 7. Nc3 Bb4
8. Bd2 Bxc3 9. bxc3 Qd6 10. f4 exf4 11. e4 Nge7 12. Rb1 f5 13. Bg2 fxe4 14.
Bxe4 b6 15. Rg1 O-O 16. Qc2 Kh8 17. Rb5 h6 18. Kd1 Rf6 19. Rh5 Raf8 20. Rh4
Na5 21. Rhg4 R8f7 22. Qa4 c6 23. h3 Qd8 24. Kc1 b5 25. Qb4 Nc4 26. Bd3 Nd5
27. Qc5 Nxd2 28. Kxd2 Qa5 29. a3 Qd8 30. Re1 Qd7 31. Rgg1 g5 32. h4 g4 33.
Re5 g3 34. fxg3 fxg3 35. Rxg3 Rf2+ 36. Re2 Rxe2+ 37. Bxe2 Qe6 38. Kd1 Re7
0-1

[Event "TCh-CRO Gp1A"]
[Site "Sibenik CRO"]
[Date "2010.09.08"]
[Round "5"]
[White "Leventic,I"]
[Black "Vlahov,D"]
[Result "1-0"]
[WhiteElo "2498"]
[BlackElo "2235"]
[EventDate "2010.09.04"]

1. e4 e6 2. d4 d5 3. Nd2 Nf6 4. e5 Nfd7 5. c3 c5 6. Bd3 Nc6 7. Ne2 Qb6 8.
Nf3 cxd4 9. cxd4 Bb4+ 10. Kf1 Be7 11. g3 f6 12. exf6 Nxf6 13. Nf4 O-O 14.
Kg2 Kh8 15. Re1 Bb4 16. Re2 Nxd4 17. Be3 Bc5 18. Bxd4 Bxd4 19. Bxh7 Kxh7
20. Qxd4 Ne4 21. Qd3 Kg8 22. Nxd5 exd5 23. Qxd5+ Qe6 24. Qxe4 Qh3+ 25. Kg1
Bg4 26. Re3 Rf6 27. Ng5 Qh5 28. h4 Rd8 29. Rae1 Bd7 30. Qd5+ 1-0

[Event "TCh-CRO Gp1A"]
[Site "Sibenik CRO"]
[Date "2010.09.08"]
[Round "5"]
[White "Khenkin,I"]
[Black "Sertic,Ru"]
[Result "1-0"]
[WhiteElo "2614"]
[BlackElo "2422"]
[EventDate "2010.09.04"]

1. d4 Nf6 2. c4 c5 3. d5 e6 4. Nc3 exd5 5. cxd5 d6 6. Nf3 g6 7. Bf4 a6 8.
a4 Bg7 9. h3 O-O 10. e3 b6 11. Nd2 Re8 12. Nc4 Bf8 13. Qb3 b5 14. axb5 Bb7
15. bxa6 Bxa6 16. Ra3 Bxc4 17. Bxc4 Nbd7 18. O-O Rb8 19. Qc2 Ne5 20. Bb5
Re7 21. Ra6 Reb7 22. Bxe5 dxe5 23. Qd3 Nxd5 24. Bc6 1-0

[Event "TCh-CRO Gp1A"]
[Site "Sibenik CRO"]
[Date "2010.09.08"]
[Round "5"]
[White "Mrkonjic,N"]
[Black "Horvath,Cs1"]
[Result "1/2-1/2"]
[WhiteElo "2394"]
[BlackElo "2529"]
[EventDate "2010.09.04"]

1. d4 Nf6 2. Nf3 g6 3. Bf4 Bg7 4. h3 O-O 5. e3 d6 6. Be2 c5 7. c3 cxd4 8.
exd4 Be6 9. O-O Qb6 10. Bc1 Nc6 11. Ng5 Bf5 12. Nd2 Qc7 13. Nc4 d5 14. Ne3
Bd7 15. f4 e6 16. Bd3 Ne7 17. Qe1 Nf5 18. Ng4 Qd8 19. Nxf6+ Qxf6 20. g4 Nd6
21. Rf2 Rfe8 22. Be3 Bb5 23. Bc2 Qe7 1/2-1/2

[Event "TCh-CRO Gp1A"]
[Site "Sibenik CRO"]
[Date "2010.09.08"]
[Round "5"]
[White "Komljenovic,D"]
[Black "Vargic,D"]
[Result "1/2-1/2"]
[WhiteElo "2465"]
[BlackElo "2360"]
[EventDate "2010.09.04"]

1. d4 e6 2. c4 Nf6 3. Nf3 Bb4+ 4. Nbd2 O-O 5. a3 Bxd2+ 6. Bxd2 b6 7. Bg5
Bb7 8. e3 d6 9. Be2 Nbd7 10. O-O h6 11. Bh4 g5 12. Bg3 Ne4 13. Nd2 f5 14.
Nxe4 Bxe4 15. f3 Bb7 16. b4 Qe7 17. c5 Nf6 18. Qc2 Rad8 19. Rfe1 Kg7 20. c6
Bc8 21. f4 Kh8 22. Bd3 Nh5 23. Be2 Nf6 24. Bd3 Nh5 25. Qd1 Qf7 26. Be2 Nf6
27. Qa4 Nd5 28. Bf3 a6 29. Qc2 Nf6 30. Rac1 Qg7 31. Be2 Rg8 32. Rcd1 Ne4
33. Bf3 Nf6 34. e4 fxe4 35. Bxe4 Nh5 36. Rf1 d5 37. Bf3 Nxf4 38. Bxf4 gxf4
39. Rfe1 Qf6 40. Re5 Rg5 41. Rde1 Rdg8 42. Kf1 Qf8 43. Qd2 a5 44. bxa5 Qxa3
45. Qxf4 Rf8 46. Qe3 Qxe3 47. R1xe3 Rxe5 48. dxe5 bxa5 49. Ra3 Ba6+ 50. Kf2
Bb5 51. Rxa5 Bxc6 52. Rc5 Ba4 53. Rxc7 Rf5 54. Re7 Rxe5 55. Bg4 Bb3 56.
Rxe6 Rxe6 57. Bxe6 Kg7 58. g4 Kf6 59. Bg8 Ke5 60. h4 Bd1 61. g5 1/2-1/2

[Event "TCh-CRO Gp1A"]
[Site "Sibenik CRO"]
[Date "2010.09.08"]
[Round "5"]
[White "Krstic,U"]
[Black "Feletar,D"]
[Result "1-0"]
[WhiteElo "2410"]
[BlackElo "2391"]
[EventDate "2010.09.04"]

1. e4 c5 2. d3 Nc6 3. f4 d5 4. Be2 e6 5. c3 Nf6 6. e5 Nd7 7. Nf3 b5 8. O-O
Be7 9. Be3 b4 10. c4 d4 11. Bf2 Qc7 12. Bg3 O-O 13. Nbd2 f5 14. exf6 gxf6
15. f5 e5 16. Nh4 Rf7 17. Bf3 Nb6 18. Ne4 Bb7 19. Be1 Kh8 20. Bh5 Rg7 21.
Rf3 Nd8 22. Rg3 Rxg3 23. Nxg3 Bf8 24. Bd2 Nf7 25. Bf3 Bh6 26. Bxb7 Qxb7 27.
Bxh6 Nxh6 28. Ne4 Nxc4 29. Qh5 Ng8 30. Nxc5 Qd5 31. Ne6 Ne7 32. Qf7 1-0

[Event "TCh-CRO Gp1A"]
[Site "Sibenik CRO"]
[Date "2010.09.08"]
[Round "5"]
[White "Kutuzovic,B"]
[Black "Ascic,P"]
[Result "1/2-1/2"]
[WhiteElo "2334"]
[BlackElo "2310"]
[EventDate "2010.09.04"]

1. e4 e5 2. Nf3 Nc6 3. Bb5 f5 4. Nc3 fxe4 5. Nxe4 d5 6. Nxe5 dxe4 7. Nxc6
Qg5 8. Qe2 Nf6 9. f4 Qxf4 10. Ne5+ c6 11. d4 Qh4+ 12. g3 Qh3 13. Bc4 Be6
14. Bg5 O-O-O 15. O-O-O Bd6 16. Rhf1 Rhe8 17. Bxf6 gxf6 18. Rxf6 Bxe5 19.
Bxe6+ Rxe6 20. Rxe6 Qxe6 21. dxe5 Qh6+ 22. Rd2 Rxd2 23. Qxd2 e3 24. Qe2 Qg5
25. Kd1 Kc7 26. Qd3 Qh5+ 27. Ke1 Qxh2 28. Qd6+ Kc8 29. Qf8+ Kc7 30. Qd6+
1/2-1/2

[Event "TCh-CRO Gp1A"]
[Site "Sibenik CRO"]
[Date "2010.09.08"]
[Round "5"]
[White "Drmic,T"]
[Black "Muse,D"]
[Result "0-1"]
[WhiteElo "2302"]
[BlackElo "2370"]
[EventDate "2010.09.04"]

1. e4 Nc6 2. Nc3 Nf6 3. f4 d5 4. e5 d4 5. exf6 dxc3 6. bxc3 gxf6 7. Bc4 Qd6
8. d4 Be6 9. Bd3 h5 10. Nf3 Rg8 11. Qe2 O-O-O 12. a4 Na5 13. c4 Qc6 14. c5
Bd5 15. Bd2 Rxg2 16. Qxg2 Bxf3 17. Qh3+ Bg4 18. Qf1 Qe6+ 19. Kf2 Rxd4 20.
Be3 Rd8 21. Qg2 Nc4 22. Rhe1 Nxe3 23. Rxe3 Qd5 24. h3 Qd4 25. Rae1 Bd7 26.
Qe4 Qxc5 27. Kf1 e6 28. Qh7 Qd6 29. Qxh5 f5 30. Qf3 Bc6 31. Qg3 Qd4 32. Bb5
Be4 33. c3 Qd5 34. Be2 Bc5 35. Rd1 Qb3 36. Rxd8+ Kxd8 37. Qg8+ Ke7 38. Qg5+
Kd7 39. Bb5+ c6 40. Rxe4 Qd1+ 0-1

[Event "TCh-CRO Gp1A"]
[Site "Sibenik CRO"]
[Date "2010.09.08"]
[Round "5"]
[White "Lalic,B"]
[Black "Kozul,Z"]
[Result "1/2-1/2"]
[WhiteElo "2495"]
[BlackElo "2604"]
[EventDate "2010.09.04"]

1. d4 Nf6 2. c4 g6 3. Nc3 Bg7 4. e4 d6 5. Nf3 O-O 6. Be2 e5 7. O-O c6 8.
Be3 Nbd7 9. Qc2 Qe7 10. Rad1 Re8 11. Rfe1 Ng4 12. Bg5 Bf6 13. Bxf6 Ngxf6
14. Bf1 b6 15. Qd2 1/2-1/2